000 00546nam a2200193 4500
999 _c3252
_d3252
003 OSt
005 20210121113515.0
008 160311b xxu||||| |||| 00| 0 eng d
020 _a9187748762
040 _c040a
082 _a303.66
_bSCH 2006
100 _aSchirch, Lisa
_97329
245 _aCivilian Peacekeeping:
_bpreventing violence and making space for democracy
260 _aUppsala;
_bLife and peace institute,
_c2006
300 _a115 ;
_bill :
_c8 cm
504 _aIncludes index
650 _aPeacekeeping
_97330
942 _2ddc
_cSLOAN